[Event "Dortmund Sparkassen op-A 51st"]
[Site "Dortmund"]
[Date "2024.08.13"]
[Round "4"]
[White "Zamengo, Bruno"]
[Black "Lang, Daniel"]
[Result "1-0"]
[WhiteElo "1932"]
[BlackElo "2138"]
[PlyCount "67"]
[EventDate "2024.08.10"]
[EventType "swiss"]
[EventRounds "9"]
[EventCountry "GER"]
[SourceTitle "CBM 221 Extra"]
[Source "ChessBase"]
[SourceDate "2024.09.30"]
[SourceVersion "1"]
[SourceVersionDate "2024.09.30"]
[SourceQuality "1"]

1. e4 c5 2. Nf3 Nc6 3. d4 cxd4 4. Nxd4 e6 5. Nc3 a6 6. Be2 Qc7 7. 0-0 Nf6 8. Re1 Nxd4 9. Qxd4 Bd6 10. h3 Bh2+ 11. Kh1 Be5 12. Qd3 Bxc3 13. bxc3 d5 14. exd5 Nxd5 15. c4 Ne7 16. Bb2 0-0 17. Bg4 Nc6 18. Rad1 e5 19. Bf3 Rd8 20. Bxe5 Rxd3 21. Bxc7 Rxd1 22. Rxd1 Bf5 23. Rb1 Bc8 24. c3 Kf8 25. Bd6+ Ke8 26. c5 Ra7 27. Bc7 Bd7 28. Kg1 Bc8 29. Kf1 Kd7 30. Bf4 Nd8 31. Rd1+ Ke8 32. Bc7 Ne6 33. Bb6 Ra8 34. c6 1-0

[Event "Campalto CIS 54th Serie C12"]
[Site "Campalto"]
[Date "2023.05.20"]
[Round "2.2"]
[White "Zamengo, Bruno"]
[Black "Gibellato, Francesco"]
[Result "0-1"]
[WhiteElo "1870"]
[BlackElo "1822"]
[PlyCount "48"]
[EventDate "2023.05.19"]
[EventType "team-tourn"]
[EventRounds "5"]
[EventCountry "ITA"]
[SourceTitle "EXT 2024"]
[Source "ChessBase"]
[SourceDate "2023.10.10"]
[SourceVersion "1"]
[SourceVersionDate "2023.10.10"]
[SourceQuality "1"]
[WhiteTeam "Venice Canal"]
[BlackTeam "Campalto Zichichi"]
[WhiteTeamCountry "ITA"]
[BlackTeamCountry "ITA"]

1. e4 e5 2. Nf3 Nc6 3. Bb5 a6 4. Ba4 Nf6 5. 0-0 Nxe4 6. d4 b5 7. Bb3 d5 8. dxe5 Be6 9. c3 Bc5 10. Nbd2 0-0 11. Bc2 Nxf2 12. Rxf2 f6 13. exf6 Qxf6 14. Nb3 Bxf2+ 15. Kxf2 Ne5 16. Nc5 Bg4 17. Qxd5+ Kh8 18. Be4 Rad8 19. Qb7 Qh4+ 20. Ke2 Bxf3+ 21. gxf3 Qxh2+ 22. Ke1 Nxf3+ 23. Bxf3 Rxf3 24. Qxc7 Qf2# 0-1

[Event "Prague Summer op-B 9th"]
[Site "Prague"]
[Date "2022.08.09"]
[Round "6"]
[White "Sainov, Sanzhar"]
[Black "Zamengo, Bruno"]
[Result "1-0"]
[WhiteElo "1464"]
[BlackElo "1903"]
[PlyCount "113"]
[EventDate "2022.08.05"]
[EventType "swiss"]
[EventRounds "9"]
[EventCountry "CZE"]
[SourceTitle "EXT 2023"]
[Source "ChessBase"]
[SourceDate "2022.10.05"]
[SourceVersion "1"]
[SourceVersionDate "2022.10.05"]
[SourceQuality "1"]

1. e4 e6 2. d4 d5 3. Bd3 dxe4 4. Bxe4 c5 5. Ne2 Nf6 6. Bf3 Nc6 7. Be3 cxd4 8. Nxd4 Ne5 9. Nc3 Bc5 10. Nxe6 Qxd1+ 11. Rxd1 Bxe3 12. Nc7+ Ke7 13. fxe3 Nxf3+ 14. gxf3 Rb8 15. N7d5+ Nxd5 16. Nxd5+ Kf8 17. Nb6 g6 18. Rd8+ Kg7 19. Rxh8 Kxh8 20. Nxc8 Rxc8 21. c3 Rc5 22. Ke2 Rb5 23. b3 Kg7 24. e4 Rg5 25. Rf1 Kf6 26. Rf2 Rg1 27. Ke3 Ke5 28. f4+ Ke6 29. a4 Rd1 30. b4 Ke7 31. a5 Ke6 32. Ke2 Rc1 33. Kd3 Re1 34. Kd4 Rc1 35. c4 Re1 36. e5 Kf5 37. b5 Ra1 38. a6 bxa6 39. bxa6 Rxa6 40. Kd5 Ra1 41. c5 Rd1+ 42. Kc6 Ke6 43. Kb7 Rb1+ 44. Kc7 Ke7 45. c6 a5 46. Ra2 Rb5 47. Kc8 Ke8 48. Ra4 Ke7 49. Rd4 Ke8 50. Rd8+ Ke7 51. Rd7+ Ke8 52. Rb7 Rc5 53. c7 a4 54. Kb8 a3 55. c8Q+ Rxc8+ 56. Kxc8 a2 57. Ra7 1-0

[Event "Prague Summer op-B 9th"]
[Site "Prague"]
[Date "2022.08.06"]
[Round "2"]
[White "Zimmer, Christian1"]
[Black "Zamengo, Bruno"]
[Result "0-1"]
[WhiteElo "1577"]
[BlackElo "1903"]
[PlyCount "164"]
[EventDate "2022.08.05"]
[EventType "swiss"]
[EventRounds "9"]
[EventCountry "CZE"]
[SourceTitle "EXT 2023"]
[Source "ChessBase"]
[SourceDate "2022.10.05"]
[SourceVersion "1"]
[SourceVersionDate "2022.10.05"]
[SourceQuality "1"]

1. e4 e6 2. d4 d5 3. Nd2 c5 4. Ngf3 Nc6 5. Bb5 Qb6 6. exd5 exd5 7. Qe2+ Be7 8. dxc5 Qxc5 9. Nb3 Qd6 10. Be3 a6 11. Bc5 Qe6 12. Bxc6+ bxc6 13. Nfd4 Qxe2+ 14. Kxe2 Bd7 15. Rhe1 Kd8 16. Kd3 Bf6 17. c3 Ne7 18. Bxe7+ Bxe7 19. Na5 Bd6 20. Naxc6+ Bxc6 21. Nxc6+ Kc7 22. Ne7 Rhb8 23. b4 a5 24. a3 axb4 25. Nxd5+ Kc6 26. Nxb4+ Kd7 27. Kc2 Rb5 28. c4 Rf5 29. f3 Rg5 30. g3 Rh5 31. Rh1 Re5 32. Kd3 Rae8 33. Nd5 Re2 34. a4 Rf2 35. Raf1 Rg2 36. Ne3 Ra2 37. Ra1 Rf2 38. Raf1 Ra2 39. Nd5 Ree2 40. Rd1 Bc5 41. h4 Rg2 42. Ke4 Kc6 43. Nf4 Rxg3 44. Rd8 f5+ 45. Kxf5 Bb6 46. Rd3 Rxa4 47. Rc1 Ra7 48. Nd5 Bc5 49. Rcc3 Rf7+ 50. Ke6 Ra7 51. Rb3 Rg6+ 52. Ke5 Ra4 53. Rbc3 Rh6 54. f4 Rxh4 55. Ke6 Rh6+ 56. Kf7 Ra7+ 57. Kg8 Re6 58. Ne7+ Bxe7 59. Re3 Rxe3 60. Rxe3 Bf6 61. Kxh7 Kc5 62. Re4 Ra4 63. Re8 Rxc4 64. f5 Kd5 65. Kg6 Rg4+ 66. Kf7 Rf4 67. Ra8 Rxf5 68. Ra4 Ke5 69. Rg4 Rf4 70. Rg2 Kf5 71. Re2 g5 72. Re1 g4 73. Re2 g3 74. Rg2 Kg4 75. Kg6 Bd4 76. Rd2 Bf2 77. Rd5 Kf3 78. Rd3+ Be3 79. Kh5 g2 80. Rd7 g1Q 81. Rg7 Rf5+ 82. Kh4 Qh1# 0-1

[Event "Treviso op-A 3rd"]
[Site "Treviso"]
[Date "2019.03.31"]
[Round "4.11"]
[White "Zamengo, Bruno"]
[Black "Modena, Giorgio"]
[Result "1-0"]
[WhiteElo "1898"]
[BlackElo "1893"]
[PlyCount "70"]
[EventDate "2019.03.29"]
[EventType "swiss"]
[EventRounds "5"]
[EventCountry "ITA"]
[SourceTitle "EXT 2024"]
[Source "ChessBase"]
[SourceDate "2023.10.10"]
[SourceVersion "1"]
[SourceVersionDate "2023.10.10"]
[SourceQuality "1"]

1. e4 e6 2. d4 d5 3. Nd2 c5 4. exd5 Qxd5 5. Ngf3 cxd4 6. Bc4 Qc5 7. 0-0 Nc6 8. Re1 Bd6 9. a3 Nf6 10. Ba2 0-0 11. Nc4 Bc7 12. Bg5 Qf5 13. b4 b5 14. Ncd2 Nd7 15. Bh4 Bb7 16. Nf1 Bb6 17. Ng3 Qg6 18. c3 e5 19. Bd5 Rac8 20. cxd4 exd4 21. Be4 Qd6 22. Nf5 Qb8 23. Rc1 Kh8 24. Ng5 Nf6 25. Bb1 d3 26. Qxd3 Ne5 27. Rxc8 Bxc8 28. Qc2 Ng6 29. Bg3 Qb7 30. Nd6 Qd5 31. Ngxf7+ Rxf7 32. Nxf7+ Qxf7 33. Qxc8+ Qg8 34. Qxg8+ Kxg8 35. Ba2+ Kf8 1-0

[Event "Treviso op-A 3rd"]
[Site "Treviso"]
[Date "2019.03.30"]
[Round "2.13"]
[White "Zamengo, Bruno"]
[Black "Passon, Stefano"]
[Result "1/2-1/2"]
[WhiteElo "1898"]
[BlackElo "1728"]
[PlyCount "75"]
[EventDate "2019.03.29"]
[EventType "swiss"]
[EventRounds "5"]
[EventCountry "ITA"]
[SourceTitle "EXT 2024"]
[Source "ChessBase"]
[SourceDate "2023.10.10"]
[SourceVersion "1"]
[SourceVersionDate "2023.10.10"]
[SourceQuality "1"]

1. e4 e5 2. Nf3 Nc6 3. Bb5 Nf6 4. 0-0 Nxe4 5. d4 Nd6 6. Bxc6 dxc6 7. dxe5 Nf5 8. Qxd8+ Kxd8 9. Rd1+ Ke8 10. Nc3 h6 11. Ne4 Be7 12. b3 Be6 13. Bb2 b6 14. Rd3 Rd8 15. Rad1 Rxd3 16. Rxd3 c5 17. c4 Nh4 18. Nfd2 Ng6 19. g3 h5 20. h4 Bf5 21. f3 Nf8 22. Kf2 Nd7 23. Ke3 f6 24. exf6 Nxf6 25. Kf4 Bh7 26. Be5 Rf8 27. Ke3 Bd8 28. Bf4 Nd7 29. Rd5 Rf5 30. Rxf5 Bxf5 31. Bg5 Nf6 32. Nxf6+ gxf6 33. Bf4 Bc2 34. g4 Bg6 35. Bg3 Kf7 36. Bf4 Ke6 37. Bg3 Kf7 38. Bf4 1/2-1/2

[Event "Verona-chT Serie A2/3 51st"]
[Site "Verona"]
[Date "2019.03.16"]
[Round "3.1"]
[White "Zamengo, Bruno"]
[Black "Palma, Andrea"]
[Result "1/2-1/2"]
[WhiteElo "1898"]
[BlackElo "1915"]
[PlyCount "88"]
[EventDate "2019.03.15"]
[EventType "team-tourn"]
[EventRounds "5"]
[EventCountry "ITA"]
[SourceTitle "EXT 2022"]
[Source "ChessBase"]
[SourceDate "2021.10.06"]
[SourceVersion "1"]
[SourceVersionDate "2021.10.06"]
[SourceQuality "1"]
[WhiteTeam "Montebelluna A2"]
[BlackTeam "Udine CUS"]
[WhiteTeamCountry "ITA"]
[BlackTeamCountry "ITA"]

1. e4 d5 2. exd5 Qxd5 3. Nc3 Qa5 4. Bc4 Nf6 5. d4 Bf5 6. Nge2 e6 7. 0-0 Nbd7 8. Ng3 Bg6 9. a3 c6 10. Bf4 Nd5 11. Nxd5 cxd5 12. Bd3 Qb6 13. Bxg6 hxg6 14. Qd2 Bd6 15. c4 Qc7 16. Bxd6 Qxd6 17. c5 Qe7 18. Rfe1 Qh4 19. Nf1 Nb8 20. b4 Nc6 21. Rad1 a6 22. a4 Qh6 23. Qc3 0-0 24. Re3 Rfd8 25. Rh3 Qf4 26. Ng3 e5 27. Ne2 Qe4 28. Re3 exd4 29. Nxd4 Qg4 30. f3 Qf4 31. Red3 Re8 32. b5 axb5 33. axb5 Nxd4 34. Rxd4 Qe3+ 35. Qxe3 Rxe3 36. Rxd5 Ra2 37. Rd8+ Kh7 38. R8d4 g5 39. h4 Rc3 40. hxg5 Rxc5 41. Rh4+ Kg6 42. Rd6+ Kf5 43. Rd7 Rxb5 44. Rxf7+ Kg6 1/2-1/2

[Event "Chioggia op-A 13th"]
[Site "Chioggia"]
[Date "2018.09.28"]
[Round "1"]
[White "Zamengo, Bruno"]
[Black "Paltrinieri, Nicholas"]
[Result "0-1"]
[WhiteElo "1908"]
[BlackElo "2277"]
[PlyCount "68"]
[EventDate "2018.09.28"]
[EventType "swiss"]
[EventRounds "5"]
[EventCountry "ITA"]
[SourceTitle "EXT 2022"]
[Source "ChessBase"]
[SourceDate "2021.10.06"]
[SourceVersion "1"]
[SourceVersionDate "2021.10.06"]
[SourceQuality "1"]

1. e4 e6 2. d4 d5 3. Nd2 Be7 4. Bd3 c5 5. dxc5 Nf6 6. e5 Nfd7 7. b4 Nc6 8. c3 a5 9. Qa4 Ncxe5 10. Bb5 0-0 11. Ngf3 Bf6 12. Bb2 Nxf3+ 13. Nxf3 e5 14. 0-0 e4 15. Nd4 Ne5 16. c6 Qb6 17. cxb7 Bxb7 18. bxa5 Rxa5 19. Qb3 Rb8 20. a4 Qc7 21. Ba3 Ng4 22. g3 Qe5 23. h3 Ne3 24. Bb4 Nxf1 25. Bxa5 Nxg3 26. Qd1 Nf5 27. Nxf5 Qxf5 28. Bf1 e3 29. fxe3 Qg5+ 30. Qg4 Qxe3+ 31. Kh1 d4+ 32. Bg2 Bxg2+ 33. Qxg2 dxc3 34. Rf1 Be5 0-1

[Event "Venice Autumn op 20th"]
[Site "Venice"]
[Date "2014.11.01"]
[Round "2"]
[White "Zamengo, Bruno"]
[Black "Vianello, Enrico"]
[Result "0-1"]
[WhiteElo "2001"]
[BlackElo "2112"]
[PlyCount "118"]
[EventDate "2014.10.31"]
[EventType "swiss"]
[EventRounds "5"]
[EventCountry "ITA"]
[SourceTitle "EXT 2015"]
[Source "ChessBase"]
[SourceDate "2014.11.20"]
[SourceVersion "1"]
[SourceVersionDate "2014.11.20"]
[SourceQuality "1"]

1. e4 c5 2. Nf3 e6 3. c4 Nc6 4. Nc3 a6 5. Be2 Nf6 6. 0-0 Qc7 7. d4 cxd4 8. Nxd4 Bd6 9. g3 Nxd4 10. Qxd4 b6 11. Rd1 Be5 12. Qd3 Bb7 13. Bf3 Rc8 14. b3 b5 15. Bb2 bxc4 16. bxc4 Qxc4 17. Qe3 Qc5 18. Qd3 Qc4 19. Qe3 Qc5 20. Qd3 Bxc3 21. Rac1 Qb5 22. Rxc3 Rxc3 23. Qxb5 axb5 24. Bxc3 Bxe4 25. Bxe4 Nxe4 26. Bxg7 Rg8 27. Be5 Rg5 28. f4 Rh5 29. Rd4 Nc3 30. Kg2 Nd5 31. g4 Rh6 32. Kg3 f6 33. Bd6 Rg6 34. Rd3 h5 35. h3 hxg4 36. hxg4 Rh6 37. Ra3 Nb6 38. Ra6 Nc4 39. Ra8+ Kf7 40. Bb4 Rh1 41. Rf8+ Kg7 42. Rd8 Rd1 43. Rb8 Rd5 44. Kf3 Nb2 45. Ke4 Nd3 46. Bf8+ Kf7 47. f5 Nc5+ 48. Kf4 Nd3+ 49. Ke3 Ne5 50. fxe6+ dxe6 51. Bb4 Nxg4+ 52. Ke2 Kg6 53. a3 Kf5 54. Rh8 Ke4 55. Re8 e5 56. Rg8 f5 57. Be1 Ne3 58. Rh8 f4 59. Rh4 Ng2 0-1

[Event "Chioggia op-A 09th"]
[Site "Chioggia"]
[Date "2014.10.11"]
[Round "3"]
[White "Zamengo, Bruno"]
[Black "Dalla Palma, Giovanni"]
[Result "1-0"]
[WhiteElo "2001"]
[BlackElo "1846"]
[PlyCount "43"]
[EventDate "2014.10.10"]
[EventType "swiss"]
[EventRounds "5"]
[EventCountry "ITA"]
[SourceTitle "EXT 2022"]
[Source "ChessBase"]
[SourceDate "2021.10.06"]
[SourceVersion "1"]
[SourceVersionDate "2021.10.06"]
[SourceQuality "1"]

1. e4 e5 2. Nf3 Nc6 3. Bb5 Nf6 4. 0-0 Bc5 5. c3 d6 6. h3 0-0 7. d4 exd4 8. cxd4 Bb6 9. Nc3 h6 10. Be3 Qe7 11. Bd3 a6 12. a3 Ba7 13. Rc1 Nh7 14. Re1 Bd7 15. Bb1 Ng5 16. Nxg5 hxg5 17. Nd5 Qd8 18. Qh5 g6 19. Qh6 Bxd4 20. Bxd4 Nxd4 21. Rxc7 Bc6 22. Ne7+ 1-0

[Event "Chioggia op-A 08th"]
[Site "Chioggia"]
[Date "2013.10.13"]
[Round "4"]
[White "Zamengo, Bruno"]
[Black "Guerra, Alessandro"]
[Result "1/2-1/2"]
[WhiteElo "1914"]
[BlackElo "2252"]
[PlyCount "95"]
[EventDate "2013.10.10"]
[EventType "swiss"]
[EventRounds "5"]
[EventCountry "ITA"]
[SourceTitle "EXT 2024"]
[Source "ChessBase"]
[SourceDate "2023.10.10"]
[SourceVersion "1"]
[SourceVersionDate "2023.10.10"]
[SourceQuality "1"]

1. e4 c6 2. d4 d5 3. Nc3 dxe4 4. Nxe4 Nd7 5. Bc4 Ngf6 6. Ng5 e6 7. Ne2 Nb6 8. Bb3 c5 9. c3 Be7 10. 0-0 0-0 11. dxc5 Bxc5 12. Nf4 h6 13. Nf3 Qc7 14. Qe2 Bd6 15. Nd3 Nc4 16. Bf4 Bxf4 17. Nxf4 b5 18. Nd3 Bb7 19. a4 Bxf3 20. gxf3 a6 21. f4 Nd5 22. Rfd1 Rad8 23. axb5 axb5 24. Qg4 Ne7 25. Bxc4 bxc4 26. Ne5 Nf5 27. Rxd8 Rxd8 28. Ra4 Nd6 29. Qe2 Rc8 30. Ra6 Qc5 31. Qd1 Ne4 32. Qe2 Qd5 33. Ra7 Nd6 34. Rd7 Ra8 35. f3 Qc5+ 36. Kg2 Nf5 37. Qf2 Ne3+ 38. Kh3 f6 39. Ng4 Qh5+ 40. Qh4 Qxh4+ 41. Kxh4 Nd5 42. f5 exf5 43. Rxd5 fxg4 44. Kxg4 Rb8 45. Rc5 Rxb2 46. Kg3 Kh7 47. Rxc4 g5 48. h4 1/2-1/2